|
|
|
|
| LEADER |
01063nam a2200265 a 4500 |
| 001 |
37451 |
| 003 |
BD-DhAAL |
| 005 |
20220113154153.0 |
| 008 |
210131t2015 njua||d| |||| 001 0 eng d |
| 999 |
|
|
|c 43210
|d 43210
|
| 020 |
|
|
|a 9780691139999
|
| 040 |
|
|
|a BD-DhAAL
|
| 082 |
|
|
|a 330.072
|2 23
|
| 245 |
|
|
|a The handbook of Experimental Economics /
|c edited by John H. Kagel and Alvin E. Roth.
|
| 260 |
|
|
|a Princeton and Oxford :
|b Princeton University Press,
|c c2015.
|
| 300 |
|
|
|a xix, 747 pages :
|b illustrations ;
|c 26 cm.
|
| 504 |
|
|
|a Includes bibliographical references and indexes.
|
| 526 |
|
|
|a BIGD
|
| 541 |
|
|
|a Amazon
|e 37451
|
| 650 |
|
|
|a Economics
|x Experiments
|x Methodology.
|9 40830
|
| 650 |
|
|
|a Economics
|x Research.
|9 40831
|
| 700 |
|
|
|a Kagel, John H.
|d 1942-
|e editor.
|q (John Henry),
|9 40832
|
| 700 |
|
|
|a Roth, Alvin E.,
|d 1951
|e editor.
|9 40833
|
| 942 |
|
|
|2 ddc
|c BK
|
| 952 |
|
|
|0 0
|1 0
|2 ddc
|4 0
|6 330_072000000000000_HAN
|7 0
|9 69235
|a IGS
|b IGS
|c GEN
|d 2021-01-30
|e Amazon
|g 5370.00
|l 0
|o 330.072 HAN
|p 3010037451
|r 2021-01-30
|t 1
|v 5370.00
|w 2021-01-30
|y BK
|x Received During Pandemic
|